| 000 | 00860cam a2200289 4500500 | ||
|---|---|---|---|
| 005 | 20260329005500.0 | ||
| 041 | _afre | ||
| 042 | _adc | ||
| 100 | 1 | 0 |
_aEltchaninoff, Michel _eauthor |
| 245 | 0 | 0 | _a“La vie a-t-elle un sens ?” Découvrez les quatre pôles philosophiques de votre existence |
| 260 | _c2023. | ||
| 500 | _a75 | ||
| 690 | _aDéterminisme | ||
| 690 | _aÉlan vital | ||
| 690 | _aExistence | ||
| 690 | _aIdéal | ||
| 690 | _aMichel Eltchaninoff | ||
| 690 | _aMort | ||
| 690 | _aObjectivité | ||
| 690 | _aSens de la vie | ||
| 690 | _aSubjectivité | ||
| 690 | _aTao | ||
| 690 | _aTranscendance | ||
| 690 | _aVolonté | ||
| 786 | 0 | _nPhilosophie magazine | 174 | 11 | 2023-11-01 | p. 45-46 | 1951-1787 | |
| 856 | 4 | 1 | _uhttps://shs.cairn.info/magazine-philosophie-magazine-2023-11-page-45?lang=fr&redirect-ssocas=7080 |
| 999 |
_c1843791 _d1843791 |
||